000 00720nam a22002297a 4500
005 20170124105947.0
010 _aA-996904
020 _c00.00
_a8120719719
035 _aA-996904
037 _bCen Lib/Ret
040 _aDPL
_bEN
082 _a270.082
_bENG
100 _aEngineer, Asghar Ali
_97250
245 _aThe Qur'an, women and modern society /
_cby Asghar Ali Engineer
260 _aNew Delhi
_bSterling Publishers
_c1999
270 _aL-10,Green park extension
_bNew Delhi
_e110016
300 _a231p.
_c210m(Hb)
500 _aIncludes index
650 _aMuslim women
_972010
650 _zWomen's rights--Religious aspects--Islam -Qurʼan
_972011
942 _2ddc
_cEN
_h270.082
_mENG
999 _c124965
_d124965